[Event "7th Sharjah Masters 2024"]
[Site "Sharjah UAE"]
[Date "2024.05.19"]
[Round "6.26"]
[White "Zemlyanskii, Ivan"]
[Black "Aditya, Mittal"]
[Result "1-0"]
[WhiteTitle "FM"]
[BlackTitle "GM"]
[WhiteElo "2516"]
[BlackElo "2608"]
[WhiteFideId "24249971"]
[BlackFideId "35042025"]
[EventDate "2024.05.14"]

1. e4 c5 2. Nf3 d6 3. d4 cxd4 4. Nxd4 Nf6 5. Nc3 a6 6. h3 e5 7. Nb3 Be6 8. f4
Nc6 9. f5 Bxb3 10. axb3 d5 11. exd5 Nd4 12. Qd3 Rc8 13. Be3 Bc5 14. O-O-O O-O
15. Kb1 b5 16. Be2 Qc7 17. Bf3 h6 18. Bxd4 exd4 19. Ne4 Nxd5 20. Nxc5 Qxc5 21.
Bxd5 Qxd5 22. g4 Qc6 23. Rh2 Rcd8 24. Re2 a5 25. Re4 a4 26. b4 Rfe8 27. Rxd4
Rxd4 28. Qxd4 Qf3 29. Qd7 Kh7 30. Rc1 Ra8 31. Qxf7 Ra6 32. Qd7 Qxh3 33. Qxb5 Rf6
34. Qc4 a3 35. b3 Qe3 36. Rd1 Qe5 37. Qd4 Qe2 38. Rc1 Rc6 39. Ka2 Ra6 40. Qc3
Qxg4 41. b5 Rf6 42. Qd3 h5 43. c4 h4 44. Rc3 Rxf5 45. b6 g6 46. Qd7+ Kh6 47.
Qd2+ Kh5 48. b7 Rf8 49. c5 h3 50. c6 Qh4 51. Rc2 Qe4 52. Qe2+ 1-0

[Event "7th Sharjah Masters 2024"]
[Site "Sharjah UAE"]
[Date "2024.05.19"]
[Round "6.27"]
[White "Siddharth, Jagadeesh"]
[Black "Gupta, Abhijeet"]
[Result "1-0"]
[WhiteTitle "IM"]
[BlackTitle "GM"]
[WhiteElo "2512"]
[BlackElo "2604"]
[WhiteFideId "5818320"]
[BlackFideId "5010608"]
[EventDate "2024.05.14"]

1. e4 c5 2. Nf3 d6 3. d4 cxd4 4. Nxd4 Nf6 5. Nc3 a6 6. g3 e5 7. Nb3 Be7 8. Bg2
O-O 9. O-O b6 10. a4 Bb7 11. Qe2 Nbd7 12. Rd1 Rc8 13. Nd2 Qc7 14. Nf1 Rfe8 15.
Ne3 Bf8 16. Bd2 Nc5 17. Ned5 Nxd5 18. Nxd5 Bxd5 19. exd5 a5 20. Bh3 Rb8 21. Qb5
g6 22. c3 f5 23. Be3 Bg7 24. Rac1 Rec8 25. f3 Qd8 26. Rc2 Bf6 27. b4 Nd7 28. g4
f4 29. g5 Bxg5 30. Bxd7 fxe3 31. Bxc8 Rxc8 32. Qd3 Bf4 33. bxa5 bxa5 34. Rb1
Qg5+ 35. Rg2 Qh5 36. Rb7 Kh8 37. c4 Qh4 38. Qe2 Qf6 39. Qd3 Rf8 40. Rg4 Bg5 41.
Qe4 Bf4 42. Kf1 Rf7 43. Rb5 Qd8 44. Ke2 Kg7 45. h3 Kh6 46. c5 dxc5 47. Rxc5 Rf6
48. Qc2 Rf5 49. Qd3 Qd6 50. Qb5 e4 51. fxe4 Rf7 52. Rc2 Qe5 53. d6 Qxe4 54. Rc4
Qh1 55. Rcxf4 1-0

[Event "7th Sharjah Masters 2024"]
[Site "Sharjah UAE"]
[Date "2024.05.19"]
[Round "6.28"]
[White "Kuybokarov, Temur"]
[Black "Krzyzanowski, Marcin"]
[Result "1-0"]
[WhiteTitle "GM"]
[BlackTitle "GM"]
[WhiteElo "2602"]
[BlackElo "2526"]
[WhiteFideId "14203049"]
[BlackFideId "1132199"]
[EventDate "2024.05.14"]

1. c4 e5 2. g3 Nf6 3. Bg2 d5 4. cxd5 Nxd5 5. Nf3 Nc6 6. O-O Nb6 7. b3 Be7 8. Bb2
Bf6 9. Nc3 Bf5 10. d3 O-O 11. Ne4 Re8 12. Nxf6+ Qxf6 13. b4 Bg4 14. b5 Nd4 15.
Nxd4 exd4 16. Re1 Rad8 17. Bxb7 Qe5 18. Qc2 Qh5 19. Be4 f5 20. Bc6 Re6 21. Qc5
Red6 22. f3 Bh3 23. a4 Kh8 24. a5 Nd7 25. Bxd7 R6xd7 26. Ra4 Qe8 27. Bc1 Rd5 28.
Qxa7 h6 29. Rc4 Re5 30. Kf2 Qxb5 31. Rxc7 f4 32. Bxf4 Re6 33. Rxg7 Bf5 34. g4
Bg6 35. Qc7 Rde8 36. Bxh6 Bf7 37. Rxf7 Rxh6 38. Qf4 1-0

[Event "7th Sharjah Masters 2024"]
[Site "Sharjah UAE"]
[Date "2024.05.19"]
[Round "6.29"]
[White "Assaubayeva, Bibisara"]
[Black "Safarli, Eltaj"]
[Result "1/2-1/2"]
[WhiteTitle "IM"]
[BlackTitle "GM"]
[WhiteElo "2481"]
[BlackElo "2597"]
[WhiteFideId "13708694"]
[BlackFideId "13402129"]
[EventDate "2024.05.14"]

1. Nf3 d5 2. e3 c5 3. c4 d4 4. g3 g6 5. Bg2 Bg7 6. O-O Nc6 7. d3 dxe3 8. fxe3
Nf6 9. Nc3 O-O 10. h3 Qd6 11. Ne2 Rd8 12. d4 Ne4 13. Kh2 f5 14. a3 b6 15. Qc2
Ba6 16. b4 Bb7 17. Bb2 e5 18. d5 Nb8 19. Nd2 Nxd2 20. Qxd2 Nd7 21. e4 Rf8 22.
Kh1 a5 23. b5 Rae8 24. Rf2 Bc8 25. Raf1 Nf6 26. exf5 gxf5 27. Qg5 Kh8 28. g4
fxg4 29. h4 Ng8 30. Ng3 Rxf2 31. Rxf2 Qg6 32. Ne4 Nh6 33. Qxg6 hxg6 34. Nd6 Rd8
35. Nxc8 Rxc8 36. Be4 Nf5 37. Bxf5 Rf8 38. Re2 gxf5 39. Bxe5 f4 40. Kg1 g3 41.
Re4 Bxe5 42. Rxe5 Kg7 43. Rg5+ Kh6 44. d6 Rf7 45. Kf1 Rd7 46. Rd5 f3 47. Rd3 Kh5
48. Rxf3 Rxd6 49. Rxg3 Rd4 50. Rg5+ 1/2-1/2

[Event "7th Sharjah Masters 2024"]
[Site "Sharjah UAE"]
[Date "2024.05.19"]
[Round "6.31"]
[White "Erdogmus, Yagiz Kaan"]
[Black "Banusz, Tamas"]
[Result "1/2-1/2"]
[WhiteTitle "IM"]
[BlackTitle "GM"]
[WhiteElo "2554"]
[BlackElo "2623"]
[WhiteFideId "44599790"]
[BlackFideId "722413"]
[EventDate "2024.05.14"]

1. d4 Nf6 2. c4 e6 3. Nc3 Bb4 4. Qc2 c5 5. dxc5 Qa5 6. Bd2 Qxc5 7. e3 d5 8. a3
Bxc3 9. Bxc3 dxc4 10. Bb4 Qc6 11. Qxc4 Qxc4 12. Bxc4 Nc6 13. Bc3 Ne4 14. Rc1
Nxc3 15. Rxc3 Ke7 16. Nf3 Bd7 17. Ke2 Rac8 18. Rhc1 Na5 19. Bd3 Rxc3 20. Rxc3
Rc8 21. Rxc8 Bxc8 22. Ne5 f6 23. b4 fxe5 24. bxa5 h6 25. Be4 b6 26. axb6 axb6
27. Kd3 Kd6 28. Kc4 Bd7 29. Kb4 Be8 30. f3 Bd7 31. a4 Be8 32. Bd3 g5 33. g4 1/2-1/2

[Event "7th Sharjah Masters 2024"]
[Site "Sharjah UAE"]
[Date "2024.05.20"]
[Round "7.1"]
[White "Aravindh, Chithambaram VR."]
[Black "Daneshvar, Bardiya"]
[Result "0-1"]
[WhiteTitle "GM"]
[BlackTitle "GM"]
[WhiteElo "2671"]
[BlackElo "2582"]
[WhiteFideId "5072786"]
[BlackFideId "12576468"]
[EventDate "2024.05.14"]

1. Nf3 d5 2. g3 c5 3. Bg2 Nc6 4. d4 e6 5. O-O Nf6 6. b3 Bd7 7. Bb2 Rc8 8. Nbd2
cxd4 9. Nxd4 Nxd4 10. Bxd4 Bc5 11. Bb2 O-O 12. c4 Bc6 13. Rc1 Be7 14. e3 a5 15.
a4 Bb4 16. cxd5 Nxd5 17. Nc4 Qe7 18. Qe2 f6 19. Qh5 e5 20. Rfd1 Rcd8 21. Qe2 Qe6
22. e4 Ne7 23. Bc3 Bxc3 24. Rxc3 Ra8 25. Rd6 Qf7 26. Qd2 Nc8 27. Rdd3 Qc7 28.
Ne3 Kh8 29. Nd5 Qf7 30. Rc5 Nd6 31. Nc3 Ne8 32. Nd5 Nd6 33. f3 f5 34. h4 fxe4
35. Re3 Rad8 36. fxe4 Nxe4 37. Rxe4 Rxd5 38. Rxd5 Bxd5 39. Rxe5 Bxg2 40. Qxg2
Qxb3 41. Rxa5 Qb6+ 0-1

[Event "7th Sharjah Masters 2024"]
[Site "Sharjah UAE"]
[Date "2024.05.20"]
[Round "7.2"]
[White "Tabatabaei, M. Amin"]
[Black "Sarana, Alexey"]
[Result "1/2-1/2"]
[WhiteTitle "GM"]
[BlackTitle "GM"]
[WhiteElo "2707"]
[BlackElo "2706"]
[WhiteFideId "12521213"]
[BlackFideId "24133795"]
[EventDate "2024.05.14"]

1. d4 Nf6 2. c4 e6 3. Nf3 d5 4. g3 Bb4+ 5. Bd2 Be7 6. Bg2 Nbd7 7. O-O O-O 8. b3
c6 9. Bc3 b6 10. Bb2 Bb7 11. Nc3 c5 12. Ne1 Rc8 13. Nc2 Ne4 14. cxd5 exd5 15.
Rb1 Ndf6 16. Rc1 Nxc3 17. Bxc3 Ne4 18. Ba1 Re8 19. dxc5 bxc5 20. Bxe4 dxe4 21.
Ne3 Qb6 22. Qd7 Rcd8 23. Qg4 Qg6 24. Qxg6 hxg6 25. Rc2 Rd7 26. Rfc1 Red8 27. Kf1
Rd2 28. Bb2 Rxc2 29. Rxc2 f6 30. Ba3 Rc8 31. h4 Kf7 32. Nc4 Ke6 33. Bc1 Ba6 34.
Be3 Bb5 35. Ke1 Kd5 36. Kd1 Rc6 37. Kc1 f5 38. Bf4 Bf6 39. Bb8 Bxc4 40. Rxc4 a6
41. Bf4 Bd4 42. Kd2 Rb6 43. Ra4 Kc6 44. Be3 Be5 45. Ra5 Bd6 46. Kc2 Kd5 47. Bd2
Rc6 48. Bc3 f4 49. g4 f3 50. exf3 exf3 51. Kd3 Bc7 52. Ra4 Re6 53. Bxg7 Re2 54.
Rxa6 Rxf2 55. Ke3 Rg2 56. Kxf3 Rg3+ 57. Kf2 Rxg4 58. Bf6 c4 59. bxc4+ Rxc4 60.
Bg5 Ke4 61. Ke2 Be5 62. Kd2 Rb4 63. Rc6 Rb2+ 64. Rc2 Rxc2+ 65. Kxc2 Kd5 66. Kd3
Bg3 67. a4 Kc6 68. Ke4 Bxh4 69. Bxh4 Kb6 70. Kf4 Ka5 71. Kg5 Kxa4 72. Kxg6 1/2-1/2

[Event "7th Sharjah Masters 2024"]
[Site "Sharjah UAE"]
[Date "2024.05.20"]
[Round "7.3"]
[White "Niemann, Hans Moke"]
[Black "Shankland, Sam"]
[Result "0-1"]
[WhiteTitle "GM"]
[BlackTitle "GM"]
[WhiteElo "2689"]
[BlackElo "2671"]
[WhiteFideId "2093596"]
[BlackFideId "2004887"]
[EventDate "2024.05.14"]

1. e4 c5 2. Nf3 e6 3. d4 cxd4 4. Nxd4 Nf6 5. Bd3 Nc6 6. Nxc6 dxc6 7. Be3 e5 8.
h3 Be6 9. O-O Nd7 10. Qh5 Qf6 11. Nd2 Bc5 12. Nc4 Bxe3 13. fxe3 Qe7 14. a3 O-O
15. b4 f6 16. Qe2 Rac8 17. Rfb1 Rfd8 18. a4 Nb6 19. a5 Nxc4 20. Bxc4 Bxc4 21.
Qxc4+ Qf7 22. Qxf7+ Kxf7 23. Rd1 Ke7 24. c4 Rxd1+ 25. Rxd1 Rd8 26. Rxd8 Kxd8 27.
Kf2 Ke7 28. g4 Kf7 29. Kg3 b6 30. a6 b5 31. c5 Kg6 32. h4 h5 33. Kh3 Kh6 34. Kg3
hxg4 35. Kxg4 g6 36. h5 gxh5+ 37. Kf5 Kg7 38. Ke6 h4 39. Kd6 h3 40. Kxc6 h2 41.
Kb7 h1=Q 42. Kxa7 Qxe4 43. Kb8 Qxb4 44. c6 Qc5 45. Kb7 b4 46. a7 Qb5+ 0-1

[Event "7th Sharjah Masters 2024"]
[Site "Sharjah UAE"]
[Date "2024.05.20"]
[Round "7.4"]
[White "Erigaisi, Arjun"]
[Black "Maghsoodloo, Parham"]
[Result "1/2-1/2"]
[WhiteTitle "GM"]
[BlackTitle "GM"]
[WhiteElo "2762"]
[BlackElo "2733"]
[WhiteFideId "35009192"]
[BlackFideId "12539929"]
[EventDate "2024.05.14"]

1. d4 Nf6 2. c4 e6 3. Nc3 Bb4 4. f3 c5 5. d5 b5 6. e4 O-O 7. e5 Ne8 8. f4 exd5
9. cxd5 d6 10. Nf3 c4 11. a4 dxe5 12. fxe5 Bg4 13. axb5 Nd7 14. Bf4 Nc7 15. Bxc4
Nb6 16. Be2 Nbxd5 17. Bd2 Bc5 18. Qa4 Qd7 19. Qc4 Bb6 20. Na4 Bxf3 21. Bxf3 Rae8
22. O-O-O Rxe5 23. Rhe1 Qf5 24. Rxe5 Qxe5 25. Re1 Qd6 26. Qc6 Rd8 27. Nxb6 axb6
28. Rd1 Ne7 29. Qxd6 Rxd6 30. Be3 Rxd1+ 31. Kxd1 Ned5 32. Bf2 f5 33. Kd2 Kf7 34.
Kd3 g5 35. Kc4 Ke6 36. h3 Ke5 37. Bd4+ Kd6 38. g4 f4 39. Be4 h6 40. Bf3 Ke6 41.
Bg7 Kf7 42. Bd4 Ke6 43. Bg7 Kf7 44. Bd4 Ke6 45. Be4 Kd6 46. Bh1 Ke6 47. Bf3 Kd6
48. b3 Ke6 49. Bg7 Kf7 50. Bd4 Ke6 51. Bg7 Kf7 52. Bd4 1/2-1/2

[Event "7th Sharjah Masters 2024"]
[Site "Sharjah UAE"]
[Date "2024.05.20"]
[Round "7.5"]
[White "Yu, Yangyi"]
[Black "Salem, A.R. Saleh"]
[Result "1/2-1/2"]
[WhiteTitle "GM"]
[BlackTitle "GM"]
[WhiteElo "2729"]
[BlackElo "2629"]
[WhiteFideId "8603820"]
[BlackFideId "9301348"]
[EventDate "2024.05.14"]

1. e4 c6 2. d4 d5 3. e5 Bf5 4. h4 h5 5. Bd3 Bxd3 6. Qxd3 Qa5+ 7. c3 e6 8. Nf3
Qa6 9. Qd1 Ne7 10. a4 Nf5 11. b4 Nd7 12. Nbd2 Be7 13. Nb3 Qc4 14. Bb2 f6 15. Na5
Qa6 16. Qe2 Qxe2+ 17. Kxe2 fxe5 18. dxe5 O-O-O 19. Nb3 Rde8 20. a5 Rhf8 21. Bc1
Bd8 22. a6 bxa6 23. Rxa6 Kb7 24. Ra2 Bb6 25. Ba3 Nh6 26. c4 Rf4 27. c5 Bc7 28.
Rha1 Nf5 29. Bc1 Rxb4 30. Rxa7+ Kc8 31. Ra8+ Nb8 32. Na5 Bxa5 33. R1xa5 Re7 34.
R5a6 Rb5 35. Ba3 Reb7 36. Rxc6+ Kd7 37. Rb6 R5xb6 38. cxb6 Rxb6 39. Ra7+ Ke8 40.
Bc5 Rb5 41. Ra8 Kd7 42. Ra7+ Ke8 43. Ra8 Kd7 44. Ra7+ 1/2-1/2

[Event "7th Sharjah Masters 2024"]
[Site "Sharjah UAE"]
[Date "2024.05.20"]
[Round "7.6"]
[White "Suleymanli, Aydin"]
[Black "Sindarov, Javokhir"]
[Result "1-0"]
[WhiteTitle "GM"]
[BlackTitle "GM"]
[WhiteElo "2621"]
[BlackElo "2684"]
[WhiteFideId "13413937"]
[BlackFideId "14205483"]
[EventDate "2024.05.14"]

1. e4 e5 2. Nf3 Nc6 3. Bb5 a6 4. Ba4 Nf6 5. O-O Be7 6. d3 b5 7. Bb3 d6 8. a3 O-O
9. Nc3 Na5 10. Ba2 c5 11. b4 Nc6 12. Nd5 a5 13. c4 Nxd5 14. exd5 Nd4 15. Nxd4
cxd4 16. cxb5 a4 17. Bd2 Bd7 18. Rc1 Bxb5 19. Bc4 Bd7 20. Rb1 Qb8 21. b5 Bd8 22.
f4 exf4 23. Bxf4 Bb6 24. Rb4 Ba5 25. Qxa4 g5 26. Bc1 f5 27. Rb1 f4 28. Qd1 Qe8
29. b6 Rb8 30. b7 Rf7 31. Qh5 Qe5 32. Rb2 Re7 33. h4 Bc3 34. Rb6 Rg7 35. hxg5
Rxg5 36. Qf3 Rg3 37. Qxf4 Qg7 38. Qxd6 Rxg2+ 39. Kh1 1-0

[Event "7th Sharjah Masters 2024"]
[Site "Sharjah UAE"]
[Date "2024.05.20"]
[Round "7.8"]
[White "Muradli, Mahammad"]
[Black "Radjabov, Teimour"]
[Result "1-0"]
[WhiteTitle "GM"]
[BlackTitle "GM"]
[WhiteElo "2561"]
[BlackElo "2723"]
[WhiteFideId "13409301"]
[BlackFideId "13400924"]
[EventDate "2024.05.14"]

1. d4 Nf6 2. c4 e6 3. Nf3 d5 4. Nc3 Be7 5. cxd5 exd5 6. Bf4 c6 7. e3 Bf5 8. Nh4
Bg4 9. Qc2 Nbd7 10. h3 Be6 11. Bd3 O-O 12. O-O Ne4 13. Nf3 f5 14. Ne5 Nxe5 15.
Bxe5 Bd6 16. Ne2 Qc7 17. f4 a5 18. Kh2 Qe7 19. Bxd6 Qxd6 20. Ng1 g5 21. g3 h6
22. Nf3 Rf7 23. Ne5 Rg7 24. Bxe4 dxe4 25. a3 Rf8 26. Qc3 Qd8 27. Rf2 Kh7 28. Qc2
Rfg8 29. Rg1 Kh8 30. Rgg2 h5 31. fxg5 Qxg5 32. Rf4 Qe7 33. Qc3 Qd8 34. Qe1 Rh7
35. Kg1 Rgg7 36. b4 axb4 37. Qxb4 Kg8 38. a4 Qd5 39. a5 Rh6 40. Kh2 Kh7 41. Rgf2
Qd8 42. Rb2 Qg5 43. Qe1 Qe7 44. Rc2 Qa3 45. Rc5 Kg8 46. Qd2 Kh7 47. Rc1 Kg8 48.
Rb1 Kh7 49. Rb6 Bc8 50. h4 Re7 51. Rf1 Qd6 52. Qc3 Qd5 53. Rf2 Rg7 54. Qe1 Qg8
55. Rf4 Qd5 56. Rf2 Rf6 57. Rbb2 Qg8 58. Rfc2 Qe8 59. Qf1 Qd8 60. Rc5 Rf8 61.
Qf4 Rfg8 62. Rg2 Rc7 63. Rgc2 Rcg7 64. Rg2 Rc7 65. a6 Qf6 66. axb7 Bxb7 67. Ng4 1-0

[Event "7th Sharjah Masters 2024"]
[Site "Sharjah UAE"]
[Date "2024.05.20"]
[Round "7.9"]
[White "Artemiev, Vladislav"]
[Black "Maurizzi, Marc'Andria"]
[Result "1/2-1/2"]
[WhiteTitle "GM"]
[BlackTitle "GM"]
[WhiteElo "2705"]
[BlackElo "2618"]
[WhiteFideId "24101605"]
[BlackFideId "36083534"]
[EventDate "2024.05.14"]

1. d4 d5 2. Nf3 Nf6 3. Bf4 e6 4. e3 c5 5. c3 Nc6 6. Nbd2 cxd4 7. exd4 Nh5 8. Be3
Bd6 9. Bb5 Nf4 10. O-O O-O 11. Re1 Bd7 12. Ne5 Nxe5 13. Bxf4 Nc4 14. Bxd6 Nxd6
15. Bd3 g6 16. Qg4 Ne8 17. Qf4 Ng7 18. Nf3 f6 19. h4 Rf7 20. c4 dxc4 21. Bxc4
Qb8 22. Qe4 Bc6 23. d5 exd5 24. Bxd5 Bxd5 25. Qxd5 Qd8 26. Qb3 Qb6 27. Qxb6 axb6
28. a3 Rd7 29. Rac1 Re8 30. Kf1 Kf7 31. Rxe8 Nxe8 32. Rc4 b5 33. Rc5 Nd6 34. Ke2
Re7+ 35. Kd3 Rd7 36. Kc2 b4 37. a4 Ne4 38. Rc4 Nxf2 39. Rxb4 Nd3 40. Re4 h6 41.
Kc3 Nc5 42. Rc4 Ne6 43. a5 g5 44. g3 Rd1 45. Nd4 Nxd4 46. Rxd4 Rc1+ 47. Kb4 Ke6
48. Kb5 Rc6 49. Rd8 f5 50. Rh8 Kd7 51. h5 Rf6 52. Rh7+ Kc8 53. Rh8+ Kc7 54. Rh7+
Kc8 55. Rh8+ 1/2-1/2

[Event "7th Sharjah Masters 2024"]
[Site "Sharjah UAE"]
[Date "2024.05.20"]
[Round "7.11"]
[White "Sankalp, Gupta"]
[Black "Deac, Bogdan-Daniel"]
[Result "1-0"]
[WhiteTitle "GM"]
[BlackTitle "GM"]
[WhiteElo "2532"]
[BlackElo "2693"]
[WhiteFideId "5097010"]
[BlackFideId "1226380"]
[EventDate "2024.05.14"]

1. e4 c5 2. c3 e6 3. d4 d5 4. e5 Nc6 5. Nf3 Bd7 6. Be2 f6 7. O-O fxe5 8. Nxe5
Nxe5 9. dxe5 Qc7 10. Re1 O-O-O 11. Bf1 Ne7 12. a4 c4 13. b3 cxb3 14. Qxb3 Nc6
15. Be3 Na5 16. Qb2 Bc5 17. Na3 Bxe3 18. Rxe3 Kb8 19. Nb5 Bxb5 20. axb5 Rhf8 21.
Qb4 b6 22. g3 g5 23. Qg4 Qe7 24. Re2 Rc8 25. Bh3 Rfe8 26. Re3 Nc4 27. Re2 Rc5
28. Bf1 h6 29. Rea2 Na5 30. Ra3 Qc7 31. Qh5 Rh8 32. Re1 Qe7 33. Re3 Rcc8 34. Ra4
Rcf8 35. h4 Rh7 36. Rf3 Rxf3 37. Qxf3 Rf7 38. Qe3 Rg7 39. hxg5 hxg5 40. Rg4 Rg6
41. Bd3 Rg7 42. Bf1 Rg6 43. Qf3 Rh6 44. Bd3 Qg7 45. Qe3 Rh5 46. Be2 Qh7 47. Qf3
Kc7 48. c4 Nb3 49. cxd5 exd5 50. Qxd5 Nc5 51. Rd4 g4 52. Qd8+ Kb7 53. Qd5+ Kb8
54. Bxg4 1-0

[Event "7th Sharjah Masters 2024"]
[Site "Sharjah UAE"]
[Date "2024.05.20"]
[Round "7.13"]
[White "Blohberger, Felix"]
[Black "Ter-Sahakyan, Samvel"]
[Result "1/2-1/2"]
[WhiteTitle "GM"]
[BlackTitle "GM"]
[WhiteElo "2506"]
[BlackElo "2652"]
[WhiteFideId "1632051"]
[BlackFideId "13302531"]
[EventDate "2024.05.14"]

1. d4 Nf6 2. c4 e6 3. Nc3 Bb4 4. Qc2 d5 5. a3 Bxc3+ 6. Qxc3 h6 7. Nf3 O-O 8. e3
b6 9. b3 Bb7 10. Be2 Nbd7 11. Bb2 Rc8 12. O-O c5 13. Rac1 Ne4 14. Qd3 Qe7 15.
Rfd1 Rfd8 16. h3 Nd6 17. cxd5 Bxd5 18. Nd2 Bc6 19. Qb1 cxd4 20. Bxd4 Nf5 21. Bb2
Nh4 22. g3 Ng6 23. Bf3 Nde5 24. Bxc6 Rxc6 25. Rxc6 Nxc6 26. Nf3 Rxd1+ 27. Qxd1
Nf8 28. Qd3 Qd7 29. Qxd7 Nxd7 30. b4 f6 31. Kf1 Kf7 32. Ke2 e5 33. e4 Nd8 34.
Kd3 Nb7 35. Bc1 Nd6 36. g4 b5 37. Be3 a6 38. Nd2 Ke6 39. h4 Kf7 40. h5 Ke8 41.
f3 Kd8 42. Kc3 Ke8 43. Kd3 Kd8 44. Kc3 Ke8 1/2-1/2

[Event "7th Sharjah Masters 2024"]
[Site "Sharjah UAE"]
[Date "2024.05.20"]
[Round "7.14"]
[White "Nguyen, Thai Dai Van"]
[Black "Yuffa, Daniil"]
[Result "1-0"]
[WhiteTitle "GM"]
[BlackTitle "GM"]
[WhiteElo "2650"]
[BlackElo "2617"]
[WhiteFideId "358878"]
[BlackFideId "24131423"]
[EventDate "2024.05.14"]

1. e4 c6 2. Nf3 d5 3. d3 dxe4 4. dxe4 Qxd1+ 5. Kxd1 Nf6 6. Nbd2 g6 7. a4 b6 8.
Ne5 Bg7 9. Nd3 O-O 10. f3 Na6 11. c3 Ne8 12. Kc2 Nd6 13. Be2 e5 14. b3 f5 15.
Nf2 Nc7 16. Nc4 Nxc4 17. Bxc4+ Be6 18. Bxe6+ Nxe6 19. Re1 Rad8 20. Nd3 fxe4 21.
Rxe4 Rxd3 22. Kxd3 Nc5+ 23. Ke2 Nxe4 24. fxe4 Rb8 25. Be3 Bf6 26. b4 Kf7 27. a5
Ke6 28. axb6 axb6 29. Ra6 Bd8 30. Ra7 Be7 31. Ra6 Bd8 32. Ra7 Be7 33. g3 b5 34.
h4 Rd8 35. Bc5 Rd7 36. Ra6 Rc7 37. Ra8 Bxc5 38. bxc5 Rb7 39. Re8+ Kd7 40. Rxe5
Ra7 41. h5 Ra3 42. hxg6 hxg6 43. Kd2 b4 44. cxb4 Rxg3 45. Ke2 Rb3 46. Rg5 Ke6
47. Rxg6+ Ke5 48. Rxc6 Rxb4 49. Kd3 Rd4+ 50. Kc3 Rxe4 51. Rd6 Rh4 52. Kb3 Rg4
53. Rd8 Ke6 54. c6 Rg7 55. Kb4 Ra7 56. Kc5 Ke7 57. Rd1 Ra2 58. c7 Rc2+ 59. Kb6
Rb2+ 60. Kc6 Rc2+ 61. Kb7 Rb2+ 62. Kc8 1-0

[Event "7th Sharjah Masters 2024"]
[Site "Sharjah UAE"]
[Date "2024.05.20"]
[Round "7.15"]
[White "Mendonca, Leon Luke"]
[Black "Kuybokarov, Temur"]
[Result "1-0"]
[WhiteTitle "GM"]
[BlackTitle "GM"]
[WhiteElo "2640"]
[BlackElo "2602"]
[WhiteFideId "35028561"]
[BlackFideId "14203049"]
[EventDate "2024.05.14"]

1. e4 e5 2. Nf3 Nc6 3. Bc4 Bc5 4. d3 d6 5. c3 Qf6 6. a4 a6 7. b4 Ba7 8. O-O Nge7
9. Bg5 Qg6 10. Nbd2 Bh3 11. gxh3 h6 12. h4 hxg5 13. Nxg5 Nd8 14. Kh1 Rxh4 15.
Rg1 Qf6 16. Ndf3 Rh5 17. d4 Ng6 18. Rg3 Nf4 19. Qd2 Kf8 20. dxe5 dxe5 21. Rd1
Qd6 22. Qc1 Qe7 23. Rg4 Qf6 24. Rd7 Nh3 25. Kg2 Nf4+ 26. Kf1 Nh3 27. Kg2 Nf4+
28. Kh1 Nh3 29. Rg3 Bxf2 30. Rxh3 Rxh3 31. Kg2 Qh6 32. Qd2 Bd4 33. cxd4 Qh5 34.
dxe5 1-0

[Event "7th Sharjah Masters 2024"]
[Site "Sharjah UAE"]
[Date "2024.05.20"]
[Round "7.16"]
[White "Mishra, Abhimanyu"]
[Black "Siddharth, Jagadeesh"]
[Result "1-0"]
[WhiteTitle "GM"]
[BlackTitle "IM"]
[WhiteElo "2634"]
[BlackElo "2512"]
[WhiteFideId "30920019"]
[BlackFideId "5818320"]
[EventDate "2024.05.14"]

1. e4 e6 2. d4 d5 3. Nd2 c5 4. Ngf3 cxd4 5. Nxd4 Nf6 6. exd5 Nxd5 7. c3 Be7 8.
N2f3 O-O 9. Bd3 Nc6 10. O-O Nxd4 11. Nxd4 Bf6 12. Qh5 g6 13. Qf3 Bxd4 14. cxd4
Qh4 15. Re1 Bd7 16. Re4 Qe7 17. Bh6 Rfe8 18. Rae1 Bc6 19. Qg3 Nb4 20. Rg4 Nxd3
21. Qxd3 Qb4 22. Qe2 Qb5 23. Qe5 Qxe5 24. dxe5 Bd5 25. a3 Rac8 26. Bd2 Red8 27.
Bc3 Rc4 28. Rxc4 Bxc4 29. h4 h5 30. Kh2 Bd5 31. Kg3 Rc8 32. f3 Rc4 33. Rd1 a6
34. Rd2 Kf8 35. Bd4 Ke8 36. Kf4 Kf8 37. Kg5 Kg7 38. Bc3 Rc6 39. Rd4 Rc4 40. Rd1
Rc6 41. Rd2 Rc4 42. Rd3 Kh7 43. g4 hxg4 44. fxg4 Re4 45. h5 gxh5 46. gxh5 Re2
47. Kf6 Rf2+ 48. Ke7 Rf5 49. Rh3 Bf3 50. h6 Bh5 51. Kd6 Kxh6 52. Kc7 Kg5 53.
Kxb7 Be2 54. a4 Bd1 55. a5 Be2 56. Rh2 Bf1 57. Rh8 Kg6 58. Rg8+ Kh7 59. Rd8 f6
60. Rd6 fxe5 61. Rxa6 Rf7+ 62. Kb6 Bxa6 63. Kxa6 Kg6 64. Kb6 Kf5 65. a6 Ke4 66.
a7 Rf8 67. Kb7 Rf7+ 68. Ka6 Rf8 69. b4 Kd5 70. b5 1-0

[Event "7th Sharjah Masters 2024"]
[Site "Sharjah UAE"]
[Date "2024.05.20"]
[Round "7.17"]
[White "Puranik, Abhimanyu"]
[Black "Iniyan, Pa"]
[Result "1-0"]
[WhiteTitle "GM"]
[BlackTitle "GM"]
[WhiteElo "2631"]
[BlackElo "2497"]
[WhiteFideId "5061245"]
[BlackFideId "25002767"]
[EventDate "2024.05.14"]

1. e4 c5 2. Nf3 d6 3. d4 cxd4 4. Nxd4 Nf6 5. Nc3 a6 6. h3 e6 7. g4 b5 8. g5 Nfd7
9. a3 Bb7 10. Be3 Nb6 11. f4 N8d7 12. f5 exf5 13. Nxf5 Ne5 14. Bxb6 Qxb6 15. Nd5
Qd8 16. h4 h6 17. gxh6 g6 18. Ng7+ Kd7 19. Bh3+ Kc6 20. c4 Qxh4+ 21. Kf1 Qxe4
22. cxb5+ axb5 23. Rc1+ Nc4 24. Bg2 Qe5 25. Qb3 Ra4 26. Rh4 Bxg7 27. Rhxc4+ Rxc4
28. Rxc4+ bxc4 29. Qb6+ Kd7 30. Qxb7+ Ke6 31. Qe7+ Kf5 32. hxg7 Rg8 33. Bh3+ Ke4
34. Nf6+ 1-0

[Event "7th Sharjah Masters 2024"]
[Site "Sharjah UAE"]
[Date "2024.05.20"]
[Round "7.18"]
[White "Martirosyan, Haik M."]
[Black "Royal, Shreyas"]
[Result "1-0"]
[WhiteTitle "GM"]
[BlackTitle "IM"]
[WhiteElo "2679"]
[BlackElo "2464"]
[WhiteFideId "13306553"]
[BlackFideId "448869"]
[EventDate "2024.05.14"]

1. e4 c5 2. Nf3 d6 3. d4 cxd4 4. Nxd4 Nf6 5. Nc3 Nc6 6. Bc4 Qb6 7. Nb3 e6 8. O-O
Be7 9. Be3 Qc7 10. f4 a6 11. a4 b6 12. Bd3 Bb7 13. Qe1 O-O 14. Qg3 Nb4 15. f5
Kh8 16. fxe6 fxe6 17. Nd4 Qd7 18. Qh3 Nxd3 19. cxd3 Bc8 20. Rac1 Qe8 21. Nxe6
Bd8 22. Nxg7 Kxg7 23. Qg3+ Qg6 24. Qxd6 Re8 25. Nd5 Nh5 26. Bd4+ Kh6 27. Rc6 Be6
28. Be3+ Kg7 29. Qe5+ Kg8 30. Bd4 Ng7 31. Nf6+ Bxf6 32. Rxf6 Qg4 33. h3 1-0

[Event "7th Sharjah Masters 2024"]
[Site "Sharjah UAE"]
[Date "2024.05.20"]
[Round "7.19"]
[White "Horvath, Dominik"]
[Black "Sevian, Samuel"]
[Result "1/2-1/2"]
[WhiteTitle "IM"]
[BlackTitle "GM"]
[WhiteElo "2554"]
[BlackElo "2699"]
[WhiteFideId "1642561"]
[BlackFideId "2040506"]
[EventDate "2024.05.14"]

1. e4 c5 2. Nf3 d6 3. d4 cxd4 4. Nxd4 Nf6 5. Nc3 Nc6 6. Bg5 a6 7. Qd2 e6 8.
O-O-O Bd7 9. Kb1 Be7 10. f3 Nxd4 11. Qxd4 b5 12. h4 Qc7 13. g4 Rb8 14. Be3 b4
15. Ne2 Bb5 16. g5 Nh5 17. Nf4 Nxf4 18. Qxg7 Ng6 19. h5 Bf8 20. Qf6 Be7 21. Qg7
Bf8 22. Qf6 Be7 1/2-1/2